000 02202namaa2200361 a 4500
001 000000659
003 DO-SdBNP
005 20170927105928.0
007 000000659
008 090331s1993 dr 000 e spa d
020 _a8489525382
040 _aBPMSU
_bspa
_cBPMSU
082 4 _aRD860.9
_bD536t
100 1 _aDi Prieto, Giovanni,
_d1944-
245 1 0 _aTemas de literatura y de cultura dominicana /
_cGiovanni Di Pietro.
260 0 _aSanto Domingo :
_bINTEC,
_c1993.
300 _avi, 146 p. ;
_c22 cm.
500 _aIncluye referencias bibliográficas y notas al pie de las páginas
505 0 _tAlgo de introducción --
_tOfrenda de Delia Weber, 1 --
_tDe algunas novelistas dominicanas y Toeya de Virginia de Peña de Bordas --
_tEl presidente negro, una absurda novela de Manuel del Cabral --
_tDos Repúblicas en una: imágenes conflictivas de la República Dominicana --
_tEl montero, primera novela dominicana de Pedro Francisco Bonó --
_tNosotros: el último libro de Rafael Damirón --
_tLa inevitabilidad del cambio en el Creonte de Marcio Veloz Maggiolo --
_tSobre una supuesta novela de Bernardo Vega --
_tJ.M. Sanz- Lajara, su prosa de viajes y sus cuentos --
_tNorberto James y el mito de la utopía marxista en un pequeño libro del 68 Carlos Estaban Deive, la novela histórica y las devastaciones --
_tNota sobre el Colón de Tulio M. Cestero --
_tApéndice: bibliografía de la novela dominicana contemporánea --
_tBibliografía.
650 4 _aNOVELA DOMINICANA
_xHISTORIA Y CRÍTICA
_ySIGLO XX
650 4 _aCULTURA
_zREPÚBLICA DOMINICANA
_xENSAYOS, CONFERENCIAS, ETC.
_ySIGLO XX
650 4 _aAUTORES DOMINICANOS
_xCRÍTICA E INTERPRETACIÓN
_xENSAYOS, CONFERENCIAS, ETC.
_ySIGLO XX
650 4 _aLITERATURA DOMINICANA
_xHISTORIA Y CRÍTICA
_ySIGLO XX
710 2 2 _aInstituto Tecnológico de Santo Domingo
910 _aValidado. Control de calidad EMS
930 1 _lBND01
_mLF1
_hRD863.409
_820130716
_f04
_pHD
_g38102
942 _2ddc
_cBK
945 _aInventariado, 2017/MFF
956 _aTMEREDITH
_b10
_c20111018
_lBND01
_h1044
956 _aEMARRERO
_b40
_c20140219
_lBND01
_h0111
956 _aMFILETO
_b40
_c20140311
_lBND01
_h1357
956 _aVMATEO
_b10
_c20150428
_lBMET
_h00151
999 _c7739
_d7739